000 01173nam2a22002771 4500
001 GAK\3366405
005 20250614085836.0
010 _a5-203-01039-0
_bв пер.
_d2 р. 50 к.
_976200
021 _aRU
_b91-58941
035 _a(NLR Aleph) 010700702
090 _a9721455
_c9721455
100 _a20150316d1991 |||y0rusy50 ca
101 0 _arus
102 _aRU
105 _aa z ||||1e|
200 0 _aТ. 2
_e1942
_f[сост. Котенок П.Р.]
210 _d1991
_aБ. м.
215 _a542, [2] с.
_cил.
_d22
320 _aИменной указатель: с. 540-543
461 0 _1001GAK\3366403
_12001#$aПоследние письма с фронта$e[сборник$fгл. ред. комис.: Г.А. Стефановский (пред.) и др.]$vТ. 2
_99721449
_cМосква
_d1991-1993
_fгл. ред. комис.: Г.А. Стефановский (пред.) и др.]
_nВоениздат
_o[сборник
_p4 т.
_tПоследние письма с фронта
_vТ. 2
702 1 _aКотенок
_bП. Р.
_4220
801 0 _aRU
_bNLR
_c20150316
_gpsbo
801 1 _aRU
_bNLR
_c20150316
_2rusmarc
852 _aNLR
_j91-5/1791 (2)
942 _cBOOK
980 _aNB